[Event "Wisla op"]
[Site "Wisla"]
[Date "2009.05.05"]
[Round "3"]
[White "Bulakowski, Andrzej"]
[Black "Jagiela, Piotr"]
[Result "0-1"]
[WhiteElo "1724"]
[BlackElo "1939"]
[PlyCount "92"]
[EventDate "2009.05.04"]
[EventType "swiss"]
[EventRounds "11"]
[EventCountry "POL"]
[SourceTitle "EXT 2012"]
[Source "ChessBase"]
[SourceDate "2011.11.24"]
[SourceVersion "1"]
[SourceVersionDate "2011.11.24"]
[SourceQuality "1"]

1. e4 c5 2. Nf3 d6 3. d4 cxd4 4. Nxd4 a6 5. Bc4 e6 6. Bb3 Nf6 7. f3 h6 8. Be3 Be7 9. c3 Bd7 10. Nd2 Qc7 11. 0-0 Nc6 12. Rc1 0-0 13. Kh1 Rac8 14. Re1 Nxd4 15. cxd4 Qb8 16. Qe2 b5 17. g3 Rxc1 18. Rxc1 Rc8 19. Qd1 a5 20. a3 a4 21. Ba2 Qb7 22. Kg2 g5 23. Kf2 Kg7 24. Rc2 Bd8 25. Qc1 Bb6 26. Rxc8 Qxc8 27. Qxc8 Bxc8 28. Ke2 Bb7 29. Bb1 Nd7 30. Bd3 Bc6 31. f4 Bd8 32. Nf3 g4 33. Nd2 Nb6 34. Nb1 Nc4 35. Bxc4 bxc4 36. Nc3 d5 37. e5 Kg6 38. Na2 Kf5 39. Nc3 h5 40. Nd1 Bb5 41. Nc3 Be8 42. Nd1 f6 43. Nc3 Ba5 44. Nd1 Bb6 45. Kf1 fxe5 46. fxe5 Ke4 0-1